000 00799cam a2200229 4500500
005 20260111075721.0
041 _afre
042 _adc
100 1 0 _aFrançon, Alain
_eauthor
245 0 0 _aRevue sur les études in vitro et les essais cliniques évaluant l’effet des traitements thermaux sur l’inflammation et l’immunomodulation
260 _c2021.
500 _a31
690 _abalneology
690 _abalneotherapy
690 _aclimatology
690 _acrenotherapy
690 _ahydrotherapy
690 _amud therapy
690 _aspa-therapy
786 0 _nLa Presse thermale et climatique | 158 | 1 | 2021-04-17 | p. 347t-368t | 0032-7875
856 4 1 _uhttps://stm.cairn.info/revue-la-presse-thermale-et-climatique-2021-1-page-347t?lang=fr&redirect-ssocas=7080
999 _c1615740
_d1615740